Entry Nombre personal
001 - NÚMERO DE CONTROL
- campo de control: 26881
003 - IDENTIFICADOR DE NÚMERO DE CONTROL
- campo de control: SpMaBN
005 - FECHA Y HORA DE LA ÚLTIMA TRANSACCIÓN
- campo de control: 20240426162847.0
008 - ELEMENTOS DE DATO DE LONGITUD-FIJA
- campo de control de longitud fija: 220304n| azznnaabn |a aaa d
024 7# - IDENTIFICADOR DE OTROS ESTÁNDARES
- Número estándar o código: http://viaf.org/viaf/2165051151631192573/
- Fuente: viaf
040 ## - FUENTE DE CATALOGACIÓN
- Centro catalogador/agencia de origen: SpMaBN
- Lengua de catalogación: spa
- Centro/agencia transcriptor: SpMaBN
- Normas de descripción: rdc
- Convención/Normas de encabezamiento de materia/tesauro: embne
100 1# - ENCABEZAMIENTO-NOMBRE DE PERSONA
- Nombre de persona: Becerra, Pablo,
- Fechas asociadas al nombre: 1870-1915
375 ## - GÉNERO/SEXO
- Género: Masculino
377 ## - IDIOMA ASOCIADO
- Término de lengua/lenguaje: Español
400 1# - TRAZADO DE VÉASE--NOMBRE DE PERSONA
- Nombre de persona: García-Becerra y Pato, Pablo,
- Fechas asociadas al nombre: 1870-1915
670 ## - FUENTE DE DATOS ENCONTRADOS
- Cita de la fuente: Crónica del Centenario del Don Quijote, 1905
- Información encontrada: portada (publicada bajo la dirección de Miguel Sawa y Pablo Becerra)
670 ## - FUENTE DE DATOS ENCONTRADOS
- Cita de la fuente: WWW Wikipedia, 4-03-2022
- Información encontrada: (Pablo Becerra, Pablo García-Becerra y Pato nació el año 1870; F profesor mercantil, funcionario del Ayuntamiento de Madrid y periodista; formó parte de la redacción de El Correo, trabajó también en El Diario Universal, y finalmente fue director y copropietario de El Globo; dirigió el Asilo de San Bernardino y,el Asilo y Colegio de la Paloma; fundó y dirigió varias temporadas el Teatro de la Latina; murió el día 13 de noviembre de 1915)
